000
00351nam a22001577a 4500
003
MPLRDC
005
20220104144140.0
008
210129b ||||| |||| 00| 0 eng d
082
_a
221.96 KY
100
_a
245
_a
大悲心陀罗尼经
_c
260
_a
_b
不详
_c
1992
300
_b
精
650
_a
佛教经典
942
_c
BK
_o
221.96 KY
999
_c
46849
_d
46839